00353nam a2200109 4500008004100000100002500041245006400066260003000130300003300160700002000193773003000213191203b ||||| |||| 00| 0 eng d aMendly-Zambo, Zsofia aCompeting discourses of household food insecurity in Canada bSocial Policy and Society a18(4), Oct, 2019: p.535-554. aRaphael, Dennis aSocial Policy and Society